Avengers Age Of Ultron - Statistics

General Stats
  • This quiz has been taken 98 times
    92 since last reset
  • The average score is 11 of 13
Answer Stats
Hint Answer % Correct
Who is the main villain Ultron
99%
Who are the members from the avengers Ironman
98%
Black Widow
95%
Captain America
95%
Hawkeye
93%
Scarlet Witch
93%
Hulk
91%
what stone is in the movie Mind
91%
Quick Silver
91%
Thor
89%
Vision
78%
Warmachine
57%
Falcon
51%
No matching quizzes found
Score Distribution
Percent of People with Each Score
Percentile by Number Answered
Your Score History
You have not taken this quiz since the last reset